000 01150nam0a22002891 4500
001 rc\2727347
005 20250806203916.0
035 _a(NLR Aleph) 006854787
090 _a56579
_c56579
100 _a20110915d1943 u y0rusy50 ca
101 0 _arus
102 _aRU
105 _aa z |||||
200 1 _aСистемы бензопитания самолетов Юнкерс Ju-88, Хейнкель He-100, Мессершмитт Me-109, Мессершмитт Me-110
_fВ. П. Русаков
210 _a[Москва]
_cНар. ком. авиационной пром. Бюро новой техники
_d1943
215 _a23 с., 16 л. ил., черт., схем.
_cтабл.
_d29 см.
225 1 _aТехническое описание
_v№ 127
300 _aЛитогр.
300 _aБез тит. л. Описано по обл.
700 1 _aРусаков
_bВ.П.
_gВасилий Павлович
801 0 _aRU
_bNLR
_gpsbo
801 1 _aRU
_bELAR
_2rusmarc
852 _aNLR
_jТ92 Г-8/7-127
942 _cBOOK
945 _aРоссийская национальная библиотека
980 _aNB
980 _aBV